|
|
|
|
| LEADER |
00000nab#a22000007a#4500 |
| 001 |
arbauad031206 |
| 003 |
AR-BaUAD |
| 005 |
20250711112531.0 |
| 008 |
980601|||||||||###||||||b###|0###a|spa|| |
| 040 |
|
|
|a AR-BaUAD
|c AR-BaUAD
|b spa
|
| 245 |
1 |
0 |
|a New & Notable
|
| 300 |
0 |
|
|b fot.
|
| 653 |
|
|
|a ESTADOS UNIDOS
|
| 653 |
|
|
|a FLOREROS
|
| 653 |
|
|
|a ESPIRALES
|
| 653 |
|
|
|a INDUMENTARIA
|
| 653 |
|
|
|a ACCESORIOS
|
| 653 |
|
|
|a UTENSILIOS
|
| 653 |
|
|
|a ROMPENUECES
|
| 653 |
|
|
|a PICAPORTES
|
| 653 |
|
|
|a TRICICLOS
|
| 653 |
|
|
|a CICLISMO
|
| 653 |
|
|
|a CASCOS
|
| 653 |
|
|
|a ARTEFACTOS
|
| 653 |
|
|
|a JOYSTICKS
|
| 653 |
|
|
|a CAMARAS
|
| 653 |
|
|
|a FOTOGRAFIA
|
| 653 |
|
|
|a COMPUTADORAS
|
| 653 |
|
|
|a TECLADOS
|
| 653 |
|
|
|a BUTACAS
|
| 653 |
|
|
|a PUESTOS DE TRABAJO
|
| 653 |
|
|
|a IMPRESORAS
|
| 653 |
|
|
|a RELOJES PULSERA
|
| 653 |
|
|
|a ADORNOS
|
| 653 |
|
|
|a DISEÑO INDUSTRIAL
|
| 773 |
0 |
|
|t I.D.
|g [mar.-abr. 1998], p. 37-42
|
| 942 |
|
|
|c ARTI
|
| 952 |
|
|
|0 0
|1 0
|4 0
|7 0
|9 76125
|a AR-BAuAD
|b AR-BAuAD
|d 2025-07-11
|l 0
|p AAQA031206
|r 2025-07-11 11:25:31
|w 2025-07-11
|y ARTI
|
| 990 |
|
|
|a DI199
|b TD
|
| 990 |
|
|
|a DT199
|b TD
|
| 998 |
|
|
|a AAQ
|b BIBUN76
|
| 999 |
|
|
|c 55798
|d 55798
|